000 01548nam a2200397 a 4500
001 ebr10166687
003 CaPaEBR
006 m u
007 cr cn|||||||||
008 050509s2006 nyu sb 001 0 eng
010 _z 2005048705
020 _z1403967326 (alk. paper)
040 _aCaPaEBR
_cCaPaEBR
035 _a(OCoLC)560279863
043 _ae------
050 1 4 _aCB353
_b.S155 2006eb
082 0 4 _a940.1
_222
245 0 0 _aSacred and secular in medieval and early modern cultures
_h[electronic resource] :
_bnew essays /
_cedited by Lawrence Besserman.
250 _a1st ed.
260 _aNew York :
_bPalgrave Macmillan,
_c2006.
300 _axviii, 238 p.
490 1 _aNew Middle Ages
504 _aIncludes bibliographical references and index.
533 _aElectronic reproduction.
_bPalo Alto, Calif. :
_cebrary,
_d2013.
_nAvailable via World Wide Web.
_nAccess may be limited to ebrary affiliated libraries.
650 0 _aCivilization, Medieval.
650 0 _aLiterature, Medieval
_xHistory and criticism.
650 0 _aSecularism in literature.
650 0 _aHoly, The, in literature.
650 0 _aChristianity in literature.
650 0 _aChurch and state
_zEurope
_xHistory
_yTo 1500.
655 7 _aElectronic books.
_2local
700 1 _aBesserman, Lawrence L.,
_d1945-
710 2 _aebrary, Inc.
830 0 _aNew Middle Ages (Palgrave Macmillan (Firm))
856 4 0 _uhttp://site.ebrary.com/lib/rucke/Doc?id=10166687
_zAn electronic book accessible through the World Wide Web; click to view
999 _c247386
_d247386